1080 1294 1817 1348 1538 1135 1765 1287 1459 1001 1698 1330 1018 1725 1063 1714 1819 1357 1688 1370 1431 1186 1279 1553 1271 1068 1190 1496 1654 1691 1517 1863 1411 1971 1925 1325 1847 1550 1984 1866 1658 1224 1332 1055 1942 1705 1149 1793 1786 1660 1104 1064 1496 1076 1719 1735 1876 1223 1680 1195 1024 1079 1466 1736 1636 1963 1381 1690 1642 1357 1709 1736 1052 1794 1238 1353 1889 1438 1304 1607 1570 1679 1596 1829 1135 1598 1278 1430 1294 1062 1211 1796 1848 1454 1408 1092 1630 1929 1140 BCNSPRNW ULIB Ver.6.0+V

เปลี่ยนเป็นภาษาไทย

Change to English
 แสดงรายละเอียดบรรณานุกรม
  กลับหน้าหลัก

Brief Record : Get Marc (ISO 2709) : E-mail record : QR code < ปิดหน้าต่าง
LEADER : 00000nam 2200000uu 4500
001    13399112383
003     ULIB
008    110627s2549||||th 000 0 tha d
020    9789749453514
090    นว.^bค725T 2549
100 0  เคท พริตตี้
245 00 หนุ่มกวนสาวแกร่งรักแรงคูณสอง/^cเคท พริตตี้
250    พิมพ์ครั้งที่ 1
260    กรุงเทพฯ :^bตะวันส่อง,^c2549
300    261 หน้า
710 1  ตะวันส่อง
945    ^p165^l0^i024670
995    ทศพร
999 ^a ใช้งานได้ทุกระบบ
รายการนี้ยังไม่มีแท็ก
คุณยังไม่ได้ล็อกอิน คุณสามารถมีกิจกรรมร่วมกับเว็บไซต์ได้ แต่ต้องล็อกอินก่อน ::
  ล็อกอิน

รายการสื่อสารสนเทศ

ลำดับที่ ประเภท เลขเรียก/บาร์โค้ด สถานที่ สถานะ
- ไม่พบข้อมูล -

BibComment


ยังไม่เคยถูกคอมเมนท์

คอมเมนท์ทรัพยากรรายการนี้
  คอมเมนท์: หนุ่มกวนสาวแกร่งร..


 Copyright 2026. Bcnsprnw @Library